000 01018nam0a22002411 4500
001 rc\4071545
005 20260406194925.0
035 _a(NLR Aleph) 007965436
090 _a8426449
_c8426449
100 _a20130415a19499999|||y0rusy50 ca
101 0 _arus
102 _aRU
105 _ay z |||||
200 1 _aИнформационный бюллетень литературы, поступившей в библиотеку
_fИркут. обл. б-ка
210 _aИркутск
_cБ. и.
_d1949-
215 _d29
710 0 2 _aИркутская областная библиотека им. И.И. Молчанова-Сибирского
_3RU\NLR\AUTH\889958134
_9412360
801 0 _aRU
_bNLR
_gpsbo
801 1 _aRU
_bELAR
_2rusmarc
830 _aПеречень имеющихся в библиотеке томов, номеров, годов этого издания смотри в каталоге периодических изданий
852 _aNLR
_jС871-420/И-74
942 _cBOOK
980 _aNB